| 000 | 00506nam a2200217 454500 | ||
|---|---|---|---|
| 001 | 047355 | ||
| 003 | BD-ChCU | ||
| 008 | Eng | ||
| 020 | _a8175561165 | ||
| 040 |
_aDLC _cDLC _dBD-ChCU |
||
| 082 | 0 | 0 | _a537/G896e |
| 100 | 1 |
_aGupta, S. L. _bKumar, V. |
|
| 245 | 1 | 0 |
_aElectrodynamics (electricity and management) _bx |
| 250 | _a13 | ||
| 260 |
_aMeerut _bPragati Prakashan _c1998 |
||
| 300 | _aviii, 520 | ||
| 504 | _ax | ||
| 650 | 0 |
_aElectricity _bMagnetism |
|
| 700 | 1 | _ax | |
| 942 |
_2ddc _cBK |
||
| 999 |
_c47355 _d47355 |
||